000 01047cam a2200289 i 4500
001 21261
003 Mx-PuUPA
005 20260312114337.0
008 140415s1977 it a gr 001 0 spa d
040 _cMx-PuUPA
_aMx-PuUPA
_bspa
_dMx-PuUPA
_erda
041 0 _aspa
100 1 _aTuretta, Valentin,
_917897
_eautor
245 1 4 _aSan Francisco de Asís /
_cValentin Turetta ; ilustraciones del profesor G. Bizzotto ; traducción española: Ignacio Omaechevarria
264 1 _aPerugia :
_bSantuario Porziuncola,
_c1977
300 _a62 páginas :
_bilustraciones (a color);
_c19 cm
336 _2rdacontent
_atexto
_btxt
337 _2rdamedia
_asin medio
_bn
338 _2rdacarrier
_avolumen
_bnc
600 0 4 _aFrancisco de Asís,
_cSan,
_d1182-1226
_xBiografía
650 7 _2armarc
_aFranciscanos
650 7 _2armarc
_aSantos
_xBiografías
700 1 _aBizzotto, G.
_eilustrador
700 1 _aOmaechevarría, Ignacio,
_etraductor
942 _2ddc
_cLI
_h270.092
_iT5218
999 _c21261
_d21261